Представление документа в формате RUSMARC

ПолеНазваниеЗначение
  Тип записи a
  Библиографический уровень m
001 Контрольный номер RU/SLIB/B/208727901
005 Дата корректировки 20230111141724.9
010 Индекс ISBN __
d Цена 250800-00
101 Язык документа 0_
a Язык текста fre
200 Заглавие и сведения об ответственности 1_
a Заглавие Grammaire de l'Ornement
b Общее обозначение материала Текст
200 Заглавие и сведения об ответственности 1_
d Параллельное заглавие Грамматика орнамента
210 Выходные данные 1_
a Место издания Paris
c Издательство Chez tous les Libraires
d Дата издания 1995
215 Физическое описание __
a Объем 162 с.
c Иллюстрации/тип воспроизводства ил.
300 Общие примечания __
a Общие примечания Прил. (100 с.)
a Общие примечания Текст на фр. яз.
606 Тематические рубрики __
a Основная рубрика Изобразительное искусство и архитектура
606 Тематические рубрики __
a Основная рубрика Декоративно-прикладное искусство в целом
610 Ключевые слова 0_
a Ключевые слова французский язык; орнаменты; орнаментальное творчество; орнаментальное искусство; орнаментальные мотивы; орнаментированные изделия; орнаментовка
686 Индексы других классификаций __
a Классификационный индекс 85.12
801 Источник записи _0
a Страна RU
b Организация Муниципальное бюджетное учреждение культуры "Централизованная библиотечная система" г. Сургут (Центральная городская библиотека им. А. С. Пушкина)
g Правила каталогизации ОИЛ/Рутковская
801 Источник записи _1
a Страна RU
b Организация Муниципальное бюджетное учреждение культуры "Централизованная библиотечная система" г. Сургут (Центральная городская библиотека им. А. С. Пушкина)
g Правила каталогизации ОИЛ/Рутковская
852 Данные о местонахождении __
j Шифр хранения 85.12
c Каталожный индекс 85.12
i Авторский знак J 76
p Инвентарный номер 61497
901 Тип документа __
t Тип документа m
903 Характеристики (МАРС) __
a Дата передачи 20020723
990 Данные о заказе (DOS) __
j Количество экземпляров (DOS) 1
t N записи в КСУ для И/У (DOS) 199701